Practical multivariate analysis. / (Record no. 5259)

MARC details
000 -LEADER
fixed length control field 01193nam a22001937a 4500
008 - FIXED-LENGTH DATA ELEMENTS--GENERAL INFORMATION
fixed length control field 141111b xxu||||| |||| 00| 0 eng d
020 ## - INTERNATIONAL STANDARD BOOK NUMBER
International Standard Book Number 9781439816806
050 ## - LIBRARY OF CONGRESS CALL NUMBER
Classification number QA278.A33
100 ## - MAIN ENTRY--PERSONAL NAME
Personal name Afifi, Abdelmonem.
245 ## - TITLE STATEMENT
Title Practical multivariate analysis. /
Statement of responsibility, etc. Abdelmonem Afifi, Susanne May and Virginia A. Clark.
250 ## - EDITION STATEMENT
Edition statement 5th ed.
260 ## - PUBLICATION, DISTRIBUTION, ETC.
Place of publication, distribution, etc. London:
Name of publisher, distributor, etc. C.R.C. Press,
Date of publication, distribution, etc. 2012.
300 ## - PHYSICAL DESCRIPTION
Extent xix, 517p.:
Other physical details ill;
Dimensions 24cm.
500 ## - GENERAL NOTE
General note Includes index
505 ## - FORMATTED CONTENTS NOTE
Formatted contents note Preparation for analysis: What is multivariate analysis? -- Characterizing data for analysis -- Preparing for data analysis -- Data screening and transformations -- Selecting appropriate analysis -- Applied regression analysis: Simple regression and correlation -- Multiple regression and correlation -- Variable selection in regression -- Special regression topics -- Multivariate analysis: Canonical correlation analysis -- Discriminant analysis -- Logistic regression -- Regression analysis with survival data -- Principal components analysis -- Factor analysis -- Cluster analysis -- Log-linear analysis -- Correlated outcomes regression.
700 ## - ADDED ENTRY--PERSONAL NAME
Personal name May, Susanne.
700 ## - ADDED ENTRY--PERSONAL NAME
Personal name Clark, Virginia A.
942 ## - ADDED ENTRY ELEMENTS (KOHA)
Source of classification or shelving scheme Library of Congress Classification
Koha item type Books
Holdings
Withdrawn status Lost status Source of classification or shelving scheme Damaged status Not for loan Home library Current library Shelving location Date acquired Total Checkouts Full call number Barcode Date last seen Copy number Price effective from Koha item type
    Library of Congress Classification     WISCONSIN INTERNATIONAL UNIVERSITY COLLEGE, GHANA - MAIN LIBRARY WISCONSIN INTERNATIONAL UNIVERSITY COLLEGE, GHANA - MAIN LIBRARY   11/11/2014   QA278.A33 7389/418/13 11/11/2014 1 11/11/2014 Books

If you have any concerns or questions; kindly contact the library


© Powered by WIUC ICT DIRECTORATE